|
|
|
|
| LEADER |
00000nam0a2200000 4500 |
| 001 |
318734 |
| 005 |
20231101020538.0 |
| 035 |
|
|
|a (RuTPU)RU\TPU\book\344235
|
| 035 |
|
|
|a RU\TPU\book\292141
|
| 090 |
|
|
|a 318734
|
| 100 |
|
|
|a 20160504d1980 km y0rusy5003 ca
|
| 101 |
0 |
|
|a rus
|
| 102 |
|
|
|a RU
|
| 105 |
|
|
|a a z 000zy
|
| 200 |
1 |
|
|a Экономические проблемы оптимизации химико-технологических процессов
|f С. Л. Кантарджян
|
| 210 |
|
|
|a Ленинград
|c Химия
|d 1980
|
| 215 |
|
|
|a 149 с.
|c ил.
|
| 225 |
1 |
|
|a Химическая кибернетика
|
| 320 |
|
|
|a Библиогр.: с. 146-149
|
| 330 |
|
|
|a Приводится большое число расчетных формул, выведенных автором для связи технических и экономических показателей различных типовых процессов химической технологии.
|
| 606 |
1 |
|
|a Химические производства
|x Оптимизация
|2 stltpush
|3 (RuTPU)RU\TPU\subj\30973
|
| 610 |
1 |
|
|a экономико-математическое моделирование
|
| 610 |
1 |
|
|a проблематика
|
| 610 |
1 |
|
|a оптимизация
|
| 610 |
1 |
|
|a алгоритмы
|
| 610 |
1 |
|
|a оптимальные решения
|
| 610 |
1 |
|
|a проектируемые системы
|
| 610 |
1 |
|
|a эмульсионная полимеризация
|
| 610 |
1 |
|
|a многостадийные процессы
|
| 675 |
|
|
|a 66.011
|z rus
|v 4
|
| 700 |
|
1 |
|a Кантарджян
|b С. Л.
|g Саркис Левонович
|
| 801 |
|
0 |
|a RU
|b 63413507
|c 19950417
|g psbo
|
| 801 |
|
1 |
|a RU
|b 63413507
|c 20140911
|
| 801 |
|
2 |
|a RU
|b 63413507
|c 20171101
|g RCR
|
| 942 |
|
|
|c BK
|